Finance & investment handbook / (Record no. 21815)
[ view plain ]
| 000 -LEADER | |
|---|---|
| fixed length control field | 01232cam a22003375a 4500 |
| 001 - CONTROL NUMBER | |
| control field | 16354395 |
| 005 - DATE AND TIME OF LATEST TRANSACTION | |
| control field | 20160526112347.0 |
| 008 - FIXED-LENGTH DATA ELEMENTS--GENERAL INFORMATION | |
| fixed length control field | 100729t2010 nyua frbdf 001 0 eng d |
| 020 ## - INTERNATIONAL STANDARD BOOK NUMBER | |
| International Standard Book Number | 0764162691 |
| 020 ## - INTERNATIONAL STANDARD BOOK NUMBER | |
| International Standard Book Number | 9780764162695 |
| 040 ## - CATALOGING SOURCE | |
| Original cataloging agency | DLC |
| Transcribing agency | DLC |
| Modifying agency | YDX |
| -- | CDX |
| -- | BKL |
| -- | NPL |
| -- | YDXCP |
| -- | DLC |
| -- | EG-ScBUE |
| Language of cataloging | eng |
| 082 04 - DEWEY DECIMAL CLASSIFICATION NUMBER | |
| Classification number | 332.678 |
| Edition number | 22 |
| Item number | DOW |
| 100 1# - MAIN ENTRY--PERSONAL NAME | |
| Personal name | Downes, John, |
| Dates associated with a name | 1936- |
| 9 (RLIN) | 40088 |
| 245 10 - TITLE STATEMENT | |
| Title | Finance & investment handbook / |
| Statement of responsibility, etc | John Downes, Jordan Elliot Goodman. |
| 246 3# - VARYING FORM OF TITLE | |
| Title proper/short title | Finance and investment handbook |
| 250 ## - EDITION STATEMENT | |
| Edition statement | 8th ed. |
| 260 ## - PUBLICATION, DISTRIBUTION, ETC. (IMPRINT) | |
| Place of publication, distribution, etc | Hauppauge : |
| Name of publisher, distributor, etc | Barron's Educational Series, |
| Date of publication, distribution, etc | c.2010. |
| 300 ## - PHYSICAL DESCRIPTION | |
| Extent | xii, 1152 p. : |
| Other physical details | ill. ; |
| Dimensions | 24 cm. |
| 500 ## - GENERAL NOTE | |
| General note | Rev. ed. of: Barron's finance & investment handbook. 7th ed. c2007. |
| 500 ## - GENERAL NOTE | |
| General note | Index : p. [1141]-1152. |
| 504 ## - BIBLIOGRAPHY, ETC. NOTE | |
| Bibliography, etc | Includes bibliographical references. |
| 650 #0 - SUBJECT ADDED ENTRY--TOPICAL TERM | |
| Topical term or geographic name as entry element | Finance |
| Form subdivision | Handbooks, manuals, etc. |
| Source of heading or term | BUEsh |
| 9 (RLIN) | 36830 |
| 650 #0 - SUBJECT ADDED ENTRY--TOPICAL TERM | |
| Topical term or geographic name as entry element | Investments |
| Form subdivision | Handbooks, manuals, etc. |
| Source of heading or term | BUEsh |
| 650 #7 - SUBJECT ADDED ENTRY--TOPICAL TERM | |
| Topical term or geographic name as entry element | Finance |
| Form subdivision | Dictionaries. |
| Source of heading or term | BUEsh |
| 9 (RLIN) | 19576 |
| 650 #0 - SUBJECT ADDED ENTRY--TOPICAL TERM | |
| Topical term or geographic name as entry element | Investments |
| Form subdivision | Dictionaries. |
| Source of heading or term | BUEsh |
| 651 ## - SUBJECT ADDED ENTRY--GEOGRAPHIC NAME | |
| Source of heading or term | BUEsh |
| 653 ## - INDEX TERM--UNCONTROLLED | |
| Resource For college | BAEPS, Business Administration |
| Arrived date list | May2016 |
| 700 1# - ADDED ENTRY--PERSONAL NAME | |
| Personal name | Goodman, Jordan Elliot. |
| 700 1# - ADDED ENTRY--PERSONAL NAME | |
| Personal name | Downes, John, |
| Dates associated with a name | 1936- |
| Title of a work | Barron's finance & investment handbook. |
| 942 ## - ADDED ENTRY ELEMENTS (KOHA) | |
| Source of classification or shelving scheme | Dewey Decimal Classification |
| Withdrawn status | Item status | Source of classification or shelving scheme | Damaged status | Not for loan | Vendor | Home library | Current library | Shelving location | Date acquired | Source of acquisition | Cost, normal purchase price | Serial Enumeration / chronology | Total Checkouts | Total Renewals | Full call number | Barcode | Checked out | Date last seen | Date last borrowed | Cost, replacement price | Koha item type |
|---|---|---|---|---|---|---|---|---|---|---|---|---|---|---|---|---|---|---|---|---|---|
| Dewey Decimal Classification | Alahram | Central Library | Central Library | First floor | 25/05/2016 | Purchase | 260.00 | 4 | 1 | 2 | 332.678 DOW | 000032594 | 04/12/2025 | 01/10/2025 | 01/10/2025 | 325.00 | Book - Borrowing |